| 000 | 00878cam a2200301 i 4500 | ||
|---|---|---|---|
| 001 | 803596 | ||
| 003 | OSt | ||
| 005 | 20140310182001.0 | ||
| 008 | 950301s1970 nyu eng d | ||
| 020 | _a064400484 | ||
| 035 | _a(Sirsi) AWA-0499 | ||
| 035 | _a(OCoLC)87808 | ||
| 040 |
_aCaOTULS _beng _cCaOTULS |
||
| 050 |
_aPZ 7 _b.W582 1970 |
||
| 082 |
_aKF _bW58t 1970 |
||
| 090 | 0 |
_aJUV FIC W583T _bOISE/UT CLC |
|
| 100 | 1 |
_aWhite, E. B. _q(Elwyn Brooks), _d1899-1985 _95089 |
|
| 245 | 1 | 4 |
_aThe trumpet of the swan / _cEdward Frascino. |
| 260 |
_aNew York : _bHarper & Row, _c[c1970] |
||
| 300 |
_a210 p. ; _bill. ; _c20 cm. |
||
| 541 | _j1 | ||
| 562 | _e1 | ||
| 650 |
_aWhite, E. B. (Elwyn Brooks), 1899 _95090 |
||
| 650 |
_aChildrens stories _xAuthorship _95091 |
||
| 700 | 1 |
_aFrascino, Edward. _95092 |
|
| 942 |
_2lcc _cBK-KF _kKF |
||
| 948 |
_a03/01/1995 _b09/09/1997 |
||
| 999 |
_c8002 _d8002 |
||